|
|
|
|
| LEADER |
00937nam a2200241 a 4500 |
| 001 |
00027274 |
| 008 |
130725s2001 enka b 001 0 eng |
| 020 |
|
|
|a 1902916174
|
| 040 |
|
|
|a BD-DhAAL
|c BD-DhAAL.
|
| 082 |
0 |
4 |
|a 307.76
|2 22
|
| 245 |
0 |
0 |
|a City fights :
|b debates on urban sustainability /
|c edited by Mark Hewitt and Susannah Hagan.
|
| 260 |
|
|
|a London :
|b James & James (Science Publishers),
|c 2001.
|
| 300 |
|
|
|a viii, 128 p. :
|b ill. ;
|c 25 cm.
|
| 504 |
|
|
|a Includes bibliographical references and Index.
|
| 541 |
|
|
|e 00027274
|
| 650 |
|
0 |
|a City planning.
|
| 650 |
|
0 |
|a Urban ecology
|
| 650 |
|
0 |
|a Sustainable development.
|
| 700 |
1 |
|
|a Hewitt, Mark
|
| 700 |
1 |
|
|a Hagan, Susannah
|
| 852 |
1 |
|
|a Ayesha Abed Library
|j General shelf.
|
| 999 |
|
|
|c 13742
|d 13742
|
| 952 |
|
|
|0 0
|1 0
|4 0
|6 307_760000000000000_CIT
|7 0
|9 22989
|a IGS
|b IGS
|c GEN
|d 2013-07-27
|e Paragon Enterprises
|g 2959.00
|l 0
|o 307.76 CIT
|p 3010027274
|r 2013-07-27
|t 1
|w 0000-00-00
|y BK
|x Available
|